Guess the country with emojis - Statistics

General Stats
  • This quiz has been taken 656 times
  • The average score is 6 of 15
Answer Stats
Question Answer % Correct
๐ŸŒฒ+๐Ÿ Christmas Islands
100%
O+๐Ÿ‘จ Oman
100%
๐Ÿˆ+ar Qatar
100%
๐Ÿณ+s Wales
100%
๐Ÿ—บ+๐Ÿ‡ฆ๐Ÿ‡จ๐Ÿ‡ฆ๐Ÿ‡ช๐Ÿ‡ฆ๐Ÿ‡บ๐Ÿ‡ฆ๐Ÿ‡น๐Ÿ‡ฆ๐Ÿ‡ผ๐Ÿ‡ง๐Ÿ‡ฌ๐Ÿ‡ฆ๐Ÿ‡ฝ๐Ÿ‡ง๐Ÿ‡ท๐Ÿ‡จ๐Ÿ‡ฑ๐Ÿ‡จ๐Ÿ‡ญ๐Ÿ‡จ๐Ÿ‡ฎ๐Ÿ‡ซ๐Ÿ‡ฎ๐Ÿ‡ฌ๐Ÿ‡ฌ๐Ÿ‡ฌ๐Ÿ‡ฉ๐Ÿ‡ด๐Ÿ‡ฒ๐Ÿ‡ต๐Ÿ‡ฆ๐Ÿ‡ต๐Ÿ‡ฌ๐Ÿ‡ณ๐Ÿ‡จ๐Ÿ‡ณ๐Ÿ‡ต๐Ÿ‡ณ๐Ÿ‡ฟ๐Ÿ‡ณ๐Ÿ‡ด๐Ÿ‡ฒ๐Ÿ‡ถ๐Ÿ‡ท๐Ÿ‡ผ๐Ÿ‡ธ๐Ÿ‡ฌ๐Ÿ‡ธ๐Ÿ‡ฑ๐Ÿ‡ธ๐Ÿ‡ฆ๐Ÿ‡ธ๐Ÿ‡ธ๐Ÿ‡ธ๐Ÿ‡ฒ๐Ÿ‡น๐Ÿ‡ผ๐Ÿ‡น๐Ÿ‡ฒ๐Ÿ‡น๐Ÿ‡ฟ๐Ÿ‡บ๐Ÿ‡ธ๐Ÿ‡ป๐Ÿ‡ฌ๐Ÿ‡ป๐Ÿ‡ณ๐Ÿ‡ป๐Ÿ‡บ๐Ÿ‡ฟ๐Ÿ‡ฒ๐Ÿ‡ฟ๐Ÿ‡ผ๐Ÿ‡พ๐Ÿ‡น United Nations
75%
Us+๐Ÿพ+lia Australia
50%
๐Ÿ‡ณ๐Ÿ‡ซ Norfolk Islands
50%
๐Ÿ‡ฆ๐Ÿ‡ผ Aruba
25%
๐ŸŽŽ+๐Ÿ€„ China
25%
Antarctica ๐Ÿ‡ฆ๐Ÿ‡ถ
0%
Malta ๐Ÿ‡ฒ๐Ÿ‡น
0%
Liberia ๐Ÿ‡ฑ๐Ÿ‡ท
0%
Chad ๐Ÿ‡ท๐Ÿ‡ด
0%
Australia ๐Ÿ‡ฆ๐Ÿ‡ถ Australia territory
0%
๐Ÿ‡ง๐Ÿ‡ฎ Burundi
0%
No matching quizzes found
Score Distribution
Percent of People with Each Score
Percentile by Number Answered
Your Score History
You have not taken this quiz